00642nam a2200169Ia 4500008004100000020002200041050001900063100003500082245007700117260002100194300002000215440000700235650009800242700001200340952010300352999001700455120626s9999 xx 000 0 und d a978-84-9754-313-2 aRJ216 R85 2008 aRUIZ JIMÉNEZ, Miguel Ángel aEl gran libro de la nutrición infantil / Miguel Ángel Ruiz Jiménez aEspaña : Oniro a225 p. ; 23 cm. a82 aNIÑOS - NUTRICIÓN - ENFERMEDADES \ NIÑOS - NUTRICIÓN - ALERGIAS \ NIÑOS - LACTANCIA aSer.Ì 00102ddc4070a22b22d2010-10-25l0oRJ216 R85 2008p17 000806r2023-07-31t1w2012-06-26yLBf c73479d73479